| 000 | 01005pam a2200301 a 4500 | ||
|---|---|---|---|
| 001 | 4016035 | ||
| 003 | OSt | ||
| 005 | 20140310181625.0 | ||
| 008 | 970616s1998 nyua d 000 0 eng | ||
| 010 | _a 97018020 | ||
| 020 | _a0590306987 | ||
| 040 |
_aDLC _cDLC _dDLC |
||
| 042 | _alcac | ||
| 050 | 0 | 0 |
_aPE 1146 _b.T315 1998 |
| 082 | 0 | 0 |
_aREF 428.1 _bT27 1998 |
| 100 | 1 | _aTerban, Marvin. | |
| 245 | 1 | 4 |
_aThe scholastic dictionary of spelling / _cMarvin Terban. |
| 260 |
_aNew York, NY : _bScholastic Reference, _cc1998. |
||
| 300 |
_a223 p. : _bill. ; _c22 cm. |
||
| 521 | _a | ||
| 541 | _j1 | ||
| 562 | _e1 | ||
| 650 | 0 | _aSpellers. | |
| 650 | 0 |
_aEnglish language _xOrthography and spelling. |
|
| 906 |
_a7 _bcbc _corignew _d1 _eocip _f19 _gy-gencatlg |
||
| 942 |
_2lcc _cBK-GR _kREF |
||
| 999 |
_c281 _d281 |
||